| 000 | 00437nam a22001577a 4500 | ||
|---|---|---|---|
| 020 | _a9788181287229 | ||
| 040 | _cNUST | ||
| 082 |
_a629.23 _bKIE |
||
| 100 |
_aKiencke Uwe _9124698 |
||
| 110 |
_aNielsen Lars _9124699 |
||
| 245 |
_aAutomotive Control Systems _bFor Engine, Driveline,and Vehicle |
||
| 250 | _a2nd Edition | ||
| 260 |
_aNew Dehli: _bSpringer; _c2005. |
||
| 610 |
_aAutomotive Control Systems _9124700 |
||
| 942 |
_2ddc _cBK |
||
| 999 |
_c610504 _d610504 |
||